[Event "SLO-chT 30th"]
[Site "Gostovanja"]
[Date "2020.10.10"]
[Round "4.1"]
[White "Cigan, Stefan"]
[Black "Markoja, Boris"]
[Result "1/2-1/2"]
[WhiteElo "2318"]
[BlackElo "2453"]
[PlyCount "60"]
[EventDate "2020.10.02"]
[EventType "team-tourn"]
[EventRounds "5"]
[EventCountry "SLO"]
[SourceTitle "CBM 198 Extra"]
[Source "ChessBase"]
[SourceDate "2020.11.30"]
[SourceVersion "1"]
[SourceVersionDate "2020.11.30"]
[SourceQuality "1"]
[WhiteTeam "Pomgrad"]
[BlackTeam "Maribor Poligram"]
[WhiteTeamCountry "SLO"]
[BlackTeamCountry "SLO"]

1. e4 e6 2. d4 d5 3. Nc3 Bb4 4. exd5 exd5 5. Bd3 Nf6 6. Bg5 0-0 7. Nge2 Re8 8. 0-0 c6 9. h3 Nbd7 10. Ng3 Nf8 11. Qf3 Be7 12. Nce2 Ne6 13. Be3 Bf8 14. c3 b6 15. Nf5 Ne4 16. Bxe4 dxe4 17. Qxe4 Nxd4 18. Nh6+ gxh6 19. Qxd4 Qxd4 20. Nxd4 Bd7 21. Rfd1 Rad8 22. Rd2 c5 23. Ne2 Ba4 24. Rxd8 Rxd8 25. b3 Bc6 26. f3 Kg7 27. Nf4 Be7 28. Re1 Kf8 29. Kf2 Rd6 30. c4 Bg5 1/2-1/2

[Event "SLO-chT 28th"]
[Site "Slovenia"]
[Date "2018.11.09"]
[Round "4.4"]
[White "Cigan, Stefan"]
[Black "Skrinjar, Matic"]
[Result "0-1"]
[WhiteElo "2336"]
[BlackElo "2060"]
[PlyCount "60"]
[EventDate "2018.11.02"]
[EventType "team-tourn"]
[EventRounds "9"]
[EventCountry "SLO"]
[SourceTitle "CBM 187 Extra"]
[Source "ChessBase"]
[SourceDate "2018.11.04"]
[SourceVersion "1"]
[SourceVersionDate "2018.11.04"]
[SourceQuality "1"]
[WhiteTeam "Pomgrad Radenska"]
[BlackTeam "Nova Gorica"]
[WhiteTeamCountry "SLO"]
[BlackTeamCountry "SLO"]

1. e4 e5 2. Nf3 Nc6 3. Nc3 Nf6 4. d4 exd4 5. Nxd4 Bb4 6. Nxc6 bxc6 7. Bd3 d5 8. exd5 Nxd5 9. 0-0 Nxc3 10. bxc3 Bxc3 11. Ba3 Bxa1 12. Qe2+ Be6 13. Be4 Qd7 14. Rxa1 f5 15. Bxf5 Kf7 16. Be4 Bg4 17. Qe3 Rhe8 18. h3 Rxe4 19. Qxe4 Bf5 20. Qf3 Kg8 21. Re1 Be6 22. Qc3 Re8 23. Bb2 Re7 24. a4 Bd5 25. Rd1 Qf5 26. Rd4 h5 27. Rh4 Qg6 28. g3 Re2 29. Rxh5 Rxc2 30. Qe5 Rxb2 0-1

[Event "SLO-chT 27th"]
[Site "Slovenia"]
[Date "2017.12.09"]
[Round "8.2"]
[White "Cigan, Stefan"]
[Black "Peric, Bernard"]
[Result "1-0"]
[WhiteElo "2356"]
[BlackElo "2090"]
[PlyCount "61"]
[EventDate "2017.09.29"]
[EventType "team-tourn"]
[EventRounds "9"]
[EventCountry "SLO"]
[SourceTitle "EXT 2019"]
[Source "ChessBase"]
[SourceDate "2018.10.10"]
[SourceVersion "1"]
[SourceVersionDate "2018.10.10"]
[SourceQuality "1"]
[WhiteTeam "Pomgrad Radenska"]
[BlackTeam "Zagorje ob Savi"]
[WhiteTeamCountry "SLO"]
[BlackTeamCountry "SLO"]

1. e4 e6 2. Nc3 d5 3. Nf3 dxe4 4. Nxe4 Nd7 5. d4 Ngf6 6. Bd3 Nxe4 7. Bxe4 Nf6 8. Bd3 c5 9. 0-0 cxd4 10. Nxd4 Be7 11. c3 0-0 12. Qe2 a6 13. Bg5 Nd5 14. Qe4 g6 15. Bxe7 Qxe7 16. Rfe1 Qf6 17. Bc4 Nc7 18. Rad1 Rb8 19. Bb3 Bd7 20. Qe3 Rfd8 21. Nf3 Bc6 22. Ne5 Nd5 23. Bxd5 Bxd5 24. Ng4 Qg7 25. Qg5 h5 26. Nf6+ Kh8 27. Rd4 Bxa2 28. Nxh5 f6 29. Nxf6 Rxd4 30. cxd4 Qf8 31. Re3 1-0

[Event "SLO-chT 27th"]
[Site "Slovenia"]
[Date "2017.10.22"]
[Round "6.2"]
[White "Cigan, Stefan"]
[Black "Sebenik, Matej"]
[Result "0-1"]
[WhiteElo "2356"]
[BlackElo "2542"]
[PlyCount "154"]
[EventDate "2017.09.29"]
[EventType "team-tourn"]
[EventRounds "9"]
[EventCountry "SLO"]
[SourceTitle "CBM 181 Extra"]
[Source "ChessBase"]
[SourceDate "2017.12.12"]
[SourceVersion "1"]
[SourceVersionDate "2017.12.12"]
[SourceQuality "1"]
[WhiteTeam "Pomgrad Radenska"]
[BlackTeam "Ljubljana Duol"]
[WhiteTeamCountry "SLO"]
[BlackTeamCountry "SLO"]

1. e4 e5 2. Nf3 Nc6 3. Bb5 a6 4. Ba4 Nf6 5. d3 Bc5 6. 0-0 d6 7. h3 b5 8. Bb3 Na5 9. Nc3 h6 10. Be3 Bxe3 11. fxe3 0-0 12. Qe1 Nxb3 13. axb3 c6 14. Qh4 Re8 15. g4 b4 16. Ne2 Nh7 17. Qxd8 Rxd8 18. Kg2 f6 19. Ng3 Ng5 20. Nxg5 hxg5 21. Ra4 Rb8 22. Rf2 Kf7 23. Ra1 Rb5 24. Nh5 d5 25. Ng3 a5 26. Kh2 Be6 27. Kg1 Rh8 28. Kg2 dxe4 29. Nxe4 Bd5 30. Rd1 Rd8 31. Rfd2 Rbb8 32. Kf3 Ke6 33. Ke2 Bxe4 34. dxe4 Rxd2+ 35. Kxd2 Rh8 36. Rh1 Kd6 37. Ke2 Kc5 38. Kd3 Kb5 39. c4+ bxc3 40. bxc3 c5 41. c4+ Kb4 42. Ra1 Ra8 43. Rb1 Ra7 44. Ra1 Ra6 45. Rb1 Ra8 46. Kc2 a4 47. bxa4+ Kxc4 48. Ra1 Rh8 49. a5 Ra8 50. a6 Ra7 51. Ra2 Kb5 52. Rb2+ Kxa6 53. Kc3 Rb7 54. Ra2+ Kb5 55. Ra8 Kc6 56. Rc8+ Kd6 57. Rd8+ Ke6 58. Rg8 Ra7 59. Kc4 Ra3 60. Rxg7 Rxe3 61. Ra7 Rxe4+ 62. Kxc5 Re3 63. Ra6+ Kf7 64. Ra7+ Kg6 65. Kd5 Rxh3 66. Ke6 Rb3 67. Ra8 Rb6+ 68. Ke7 Rb7+ 69. Ke6 Rb6+ 70. Ke7 Rb4 71. Rg8+ Kh7 72. Rf8 Rf4 73. Ke6 e4 74. Kf7 f5 75. Re8 fxg4+ 76. Ke6 g3 77. Ra8 g2 0-1

[Event "SLO-chT 27th"]
[Site "Slovenia"]
[Date "2017.10.21"]
[Round "5.5"]
[White "Kozul, Zdenko"]
[Black "Cigan, Stefan"]
[Result "1/2-1/2"]
[WhiteElo "2596"]
[BlackElo "2356"]
[PlyCount "59"]
[EventDate "2017.09.29"]
[EventType "team-tourn"]
[EventRounds "9"]
[EventCountry "SLO"]
[SourceTitle "CBM 181 Extra"]
[Source "ChessBase"]
[SourceDate "2017.12.12"]
[SourceVersion "1"]
[SourceVersionDate "2017.12.12"]
[SourceQuality "1"]
[WhiteTeam "Maribor"]
[BlackTeam "Pomgrad Radenska"]
[WhiteTeamCountry "SLO"]
[BlackTeamCountry "SLO"]

1. d4 d5 2. c4 e6 3. Nf3 Nf6 4. Bg5 Be7 5. Nbd2 h6 6. Bh4 Ne4 7. Bxe7 Qxe7 8. e3 Nd7 9. Rc1 c6 10. Nxe4 dxe4 11. Nd2 f5 12. c5 0-0 13. f4 exf3 14. Qxf3 e5 15. Bc4+ Kh7 16. 0-0 e4 17. Qg3 Nf6 18. Bb3 Nd5 19. Nc4 Qg5 20. Qe1 Be6 21. h4 Qe7 22. Qg3 Rf6 23. h5 Nb4 24. Ne5 Bxb3 25. axb3 Qe6 26. Rc4 Nd5 27. Ng6 Re8 28. Qh3 Rxg6 29. hxg6+ Qxg6 30. Rc2 1/2-1/2

[Event "Steyr Landesliga 1617"]
[Site "Austria"]
[Date "2017.03.18"]
[Round "8.1"]
[White "Trbojevic, Mladen"]
[Black "Cigan, Stefan"]
[Result "0-1"]
[WhiteElo "2406"]
[BlackElo "2357"]
[PlyCount "54"]
[EventDate "2016.10.01"]
[EventType "team-tourn"]
[EventRounds "11"]
[EventCountry "AUT"]
[SourceTitle "EXT 2018"]
[Source "ChessBase"]
[SourceDate "2017.10.13"]
[SourceVersion "1"]
[SourceVersionDate "2017.10.13"]
[SourceQuality "1"]
[WhiteTeam "Feldbach Kirchberg"]
[BlackTeam "Frauental Strassenbahn"]
[WhiteTeamCountry "AUT"]
[BlackTeamCountry "AUT"]

1. e4 c5 2. Nf3 e6 3. d4 cxd4 4. Nxd4 a6 5. Nc3 Qc7 6. g3 b5 7. Bg2 Bb7 8. 0-0 Nf6 9. Qe2 d6 10. f4 Nbd7 11. a4 b4 12. Nd5 exd5 13. exd5+ Kd8 14. Nc6+ Bxc6 15. dxc6 Nc5 16. Be3 Nce4 17. Rad1 Qxc6 18. Rd4 d5 19. Bxe4 Nxe4 20. Rxd5+ Kc7 21. c4 Re8 22. Rfd1 Nf6 23. Re5 Bd6 24. Qd2 Bxe5 25. fxe5 Rd8 26. Qe1 Rxd1 27. Qxd1 Rd8 0-1

[Event "Steyr Landesliga 1617"]
[Site "Austria"]
[Date "2016.11.26"]
[Round "5.1"]
[White "Cigan, Stefan"]
[Black "Poetz, Florian"]
[Result "0-1"]
[WhiteElo "2357"]
[BlackElo "2384"]
[PlyCount "64"]
[EventDate "2016.10.01"]
[EventType "team-tourn"]
[EventRounds "11"]
[EventCountry "AUT"]
[SourceTitle "EXT 2018"]
[Source "ChessBase"]
[SourceDate "2017.10.13"]
[SourceVersion "1"]
[SourceVersionDate "2017.10.13"]
[SourceQuality "1"]
[WhiteTeam "Frauental Strassenbahn"]
[BlackTeam "Styria"]
[WhiteTeamCountry "AUT"]
[BlackTeamCountry "AUT"]

1. e4 c5 2. Nf3 Nc6 3. d4 cxd4 4. Nxd4 Qb6 5. Nb3 Nf6 6. Nc3 e6 7. Bd3 a6 8. Qe2 d6 9. g4 Qc7 10. g5 Nd7 11. Be3 b5 12. 0-0-0 Nb6 13. Nd4 Ne5 14. f4 Nxd3+ 15. Qxd3 b4 16. Nce2 Bb7 17. Kb1 Rc8 18. Ng3 Nd7 19. Bc1 Nc5 20. Qe2 g6 21. Rhe1 e5 22. Nf3 exf4 23. Bxf4 Ne6 24. Bc1 Bg7 25. Nf5 gxf5 26. exf5 Bxf3 27. Qxf3 Qxc2+ 28. Ka1 0-0 29. fxe6 fxe6 30. Qe4 Be5 31. Qxb4 Rb8 32. Qa3 Rf3 0-1

[Event "SLO-chT 25th"]
[Site "Otocec"]
[Date "2015.11.29"]
[Round "9.4"]
[White "Cigan, Stefan"]
[Black "Rozic, Samo"]
[Result "0-1"]
[WhiteElo "2358"]
[BlackElo "2231"]
[PlyCount "94"]
[EventDate "2015.10.16"]
[EventType "team-tourn"]
[EventRounds "9"]
[EventCountry "SLO"]
[SourceTitle "EXT 2020"]
[Source "ChessBase"]
[SourceDate "2019.10.17"]
[SourceVersion "1"]
[SourceVersionDate "2019.10.17"]
[SourceQuality "1"]
[WhiteTeam "Radenska Pomgrad"]
[BlackTeam "Ig"]
[WhiteTeamCountry "SLO"]
[BlackTeamCountry "SLO"]

1. e4 e6 2. d4 d5 3. Nd2 Nf6 4. e5 Ng8 5. f4 c5 6. c3 cxd4 7. cxd4 Qb6 8. Ndf3 Bd7 9. a4 Nc6 10. Rb1 Bb4+ 11. Kf2 Nh6 12. h3 f6 13. g4 Nf7 14. Kg2 0-0-0 15. Ne2 Kb8 16. Ng3 fxe5 17. fxe5 g6 18. Be2 h5 19. Qd3 hxg4 20. hxg4 Rxh1 21. Nxh1 Ne7 22. b3 Rc8 23. Bb2 Be8 24. Nf2 Nh6 25. Rh1 Nf7 26. Rc1 Rxc1 27. Bxc1 Qc7 28. Bd2 Ba3 29. Nh3 Bc1 30. Nf4 Nd8 31. Bb4 Nc8 32. Nxg6 Qg7 33. Nfh4 Nc6 34. Bc3 Bg5 35. Kg3 Qh6 36. Bd1 N8e7 37. Bc2 Nxg6 38. Nxg6 Bxg6 39. Qxg6 Qh4+ 40. Kg2 Qxg4+ 41. Kf2 Bh4+ 42. Ke3 Qh3+ 43. Kd2 Be1+ 44. Kxe1 Qxc3+ 45. Kf1 Nxd4 46. Bd1 Qh3+ 47. Kf2 Qh2+ 0-1

[Event "SLO-chT 24th"]
[Site "Slovenia"]
[Date "2014.11.30"]
[Round "6.3"]
[White "Cigan, Stefan"]
[Black "Cvitan, Ognjen"]
[Result "0-1"]
[WhiteElo "2384"]
[BlackElo "2534"]
[PlyCount "38"]
[EventDate "2014.11.14"]
[EventType "team-tourn"]
[EventRounds "9"]
[EventCountry "SLO"]
[SourceTitle "EXT 2016"]
[Source "ChessBase"]
[SourceDate "2015.10.08"]
[SourceVersion "1"]
[SourceVersionDate "2015.10.08"]
[SourceQuality "1"]
[WhiteTeam "Pomgrad Radenska"]
[BlackTeam "Ptuj"]
[WhiteTeamCountry "SLO"]
[BlackTeamCountry "SLO"]

1. e4 c5 2. Nf3 d6 3. d4 cxd4 4. Nxd4 Nf6 5. Nc3 g6 6. Bg5 Bg7 7. Bb5+ Bd7 8. Qe2 a6 9. Bxd7+ Nbxd7 10. 0-0-0 Rc8 11. Nd5 0-0 12. Kb1 Nxd5 13. exd5 Ne5 14. c3 Qb6 15. Ka1 Nc4 16. Rhe1 Rfe8 17. Qc2 Bxd4 18. Rxd4 Na3 19. Qe4 Nc2+ 0-1

[Event "SLO-chT"]
[Site "Slovenia"]
[Date "2013.12.14"]
[Round "8"]
[White "Supancic, Darko"]
[Black "Cigan, Stefan"]
[Result "1/2-1/2"]
[WhiteElo "2342"]
[BlackElo "2376"]
[PlyCount "60"]
[EventDate "2013.11.22"]
[EventType "team-tourn"]
[EventRounds "9"]
[EventCountry "SLO"]
[SourceTitle "EXT 2015"]
[Source "ChessBase"]
[SourceDate "2014.11.20"]
[SourceVersion "1"]
[SourceVersionDate "2014.11.20"]
[SourceQuality "1"]
[WhiteTeam "Maribor Branik"]
[BlackTeam "Radenska Pomgrad"]
[WhiteTeamCountry "SLO"]
[BlackTeamCountry "SLO"]

1. d4 d5 2. Nf3 Nf6 3. Bf4 c5 4. c3 cxd4 5. cxd4 Nc6 6. Nc3 Bf5 7. e3 e6 8. Bd3 Bxd3 9. Qxd3 Bd6 10. Bxd6 Qxd6 11. 0-0 0-0 12. Rac1 Rac8 13. a3 Na5 14. Nd2 Rc6 15. Ne2 Rfc8 16. h3 Rxc1 17. Rxc1 Rxc1+ 18. Nxc1 Qc6 19. Ne2 g6 20. Qc3 Qxc3 21. Nxc3 Ne8 22. b4 Nc6 23. Kf1 Nd6 24. Ke2 Kf8 25. Kd3 Ke7 26. Kc2 Kd7 27. Kd3 Ke7 28. Kc2 Kd7 29. Kd3 Ke7 30. Kc2 Kd7 1/2-1/2

[Event "SLO-chT"]
[Site "Slovenia"]
[Date "2013.12.01"]
[Round "6"]
[White "Cigan, Stefan"]
[Black "Kos, Toni"]
[Result "1-0"]
[WhiteElo "2376"]
[BlackElo "2339"]
[PlyCount "93"]
[EventDate "2013.11.22"]
[EventType "team-tourn"]
[EventRounds "9"]
[EventCountry "SLO"]
[SourceTitle "EXT 2015"]
[Source "ChessBase"]
[SourceDate "2014.11.20"]
[SourceVersion "1"]
[SourceVersionDate "2014.11.20"]
[SourceQuality "1"]
[WhiteTeam "Radenska Pomgrad"]
[BlackTeam "Triglav Krsko"]
[WhiteTeamCountry "SLO"]
[BlackTeamCountry "SLO"]

1. e4 Nc6 2. Nf3 d6 3. h3 Nf6 4. Nc3 e5 5. d4 exd4 6. Nxd4 Be7 7. Bb5 Bd7 8. 0-0 0-0 9. Re1 Re8 10. Bxc6 bxc6 11. Bf4 Qb8 12. e5 dxe5 13. Bxe5 Qxb2 14. Qf3 Bb4 15. Nxc6 a5 16. Nxb4 axb4 17. Nd5 Rxe5 18. Nxf6+ gxf6 19. Qxa8+ Kg7 20. Qf3 Qxc2 21. Rxe5 fxe5 22. Qg3+ Kf8 23. Qxe5 Be6 24. Qg5 Bxa2 25. Rc1 Qg6 26. Qc5+ Kg8 27. Qxb4 Bd5 28. Qg4 Qxg4 29. hxg4 c6 30. g5 Kg7 31. Re1 Kg6 32. Re5 h6 33. gxh6 Kxh6 34. f3 Kg6 35. Kf2 Kf6 36. Re8 Kf5 37. Ke3 Be6 38. Re7 Ke5 39. g3 Kd6 40. Ra7 Kd5 41. g4 c5 42. g5 Ke5 43. f4+ Kd5 44. f5 Bxf5 45. Rxf7 Ke6 46. Rf6+ Ke5 47. Rb6 1-0

[Event "SLO-chT"]
[Site "Slovenia"]
[Date "2013.11.24"]
[Round "3"]
[White "Jankovic, Alojzije"]
[Black "Cigan, Stefan"]
[Result "1/2-1/2"]
[WhiteElo "2556"]
[BlackElo "2376"]
[PlyCount "149"]
[EventDate "2013.11.22"]
[EventType "team-tourn"]
[EventRounds "9"]
[EventCountry "SLO"]
[SourceTitle "EXT 2015"]
[Source "ChessBase"]
[SourceDate "2014.11.20"]
[SourceVersion "1"]
[SourceVersionDate "2014.11.20"]
[SourceQuality "1"]
[WhiteTeam "Maribor ZSK"]
[BlackTeam "Radenska Pomgrad"]
[WhiteTeamCountry "SLO"]
[BlackTeamCountry "SLO"]

1. d4 Nf6 2. c4 g6 3. Nc3 d5 4. Nf3 Bg7 5. Qa4+ Bd7 6. Qb3 dxc4 7. Qxc4 0-0 8. Bf4 Na6 9. e4 c5 10. e5 Nh5 11. Be3 cxd4 12. Qxd4 Bc6 13. Be2 Qa5 14. 0-0 Rfd8 15. Qh4 Bxe5 16. b4 Qc7 17. Nxe5 Qxe5 18. b5 Qxc3 19. bxc6 Qxc6 20. Rab1 Nf6 21. Bf3 Nd5 22. Rfc1 Qe6 23. Bd4 Nab4 24. Re1 Qd6 25. Qh6 f6 26. a3 Nc6 27. Rxb7 Rab8 28. Bxd5+ Qxd5 29. Bxf6 Qf7 30. Rxb8 Rxb8 31. Ba1 e5 32. Qd2 Rd8 33. Qe3 Qd5 34. h3 Rb8 35. Bxe5 Nxe5 36. Qxe5 Qxe5 37. Rxe5 Kf7 38. Ra5 Rb7 39. Ra6 Re7 40. g4 Kg7 41. Kg2 Kg8 42. a4 g5 43. a5 Kg7 44. Rd6 h6 45. Kg3 Kh7 46. a6 Kg7 47. f3 Kh7 48. Kf2 Kg7 49. Rc6 Kh7 50. Kg3 Rf7 51. Re6 Kg7 52. Kf2 Kh7 53. Ke3 Kg7 54. Rd6 Kh7 55. Ke4 Rf4+ 56. Kd5 Rxf3 57. Rd7+ Kg6 58. Rxa7 Rxh3 59. Rb7 h5 60. Rb6+ Kh7 61. gxh5 g4 62. Kc6 Ra3 63. Kb7 g3 64. Rg6 Rb3+ 65. Ka7 Ra3 66. Kb6 Rb3+ 67. Ka5 Ra3+ 68. Kb5 Kh8 69. Kb6 Kh7 70. a7 Rb3+ 71. Kc7 Ra3 72. Kb7 Rb3+ 73. Ka8 Kh8 74. Rc6 g2 75. Rg6 1/2-1/2

[Event "SLO-chT"]
[Site "Slovenia"]
[Date "2013.11.23"]
[Round "2"]
[White "Cigan, Stefan"]
[Black "Podkriznik, Gregor"]
[Result "0-1"]
[WhiteElo "2376"]
[BlackElo "2341"]
[PlyCount "113"]
[EventDate "2013.11.22"]
[EventType "team-tourn"]
[EventRounds "9"]
[EventCountry "SLO"]
[SourceTitle "EXT 2015"]
[Source "ChessBase"]
[SourceDate "2014.11.20"]
[SourceVersion "1"]
[SourceVersionDate "2014.11.20"]
[SourceQuality "1"]
[WhiteTeam "Radenska Pomgrad"]
[BlackTeam "Ptuj"]
[WhiteTeamCountry "SLO"]
[BlackTeamCountry "SLO"]

1. e4 c5 2. Nf3 d6 3. d3 Nc6 4. g3 g6 5. Bg2 Bg7 6. 0-0 e5 7. c3 Nge7 8. Re1 0-0 9. Be3 b6 10. a4 h6 11. Qd2 Kh7 12. d4 exd4 13. cxd4 Na5 14. Qd1 Bg4 15. Ng5+ hxg5 16. Qxg4 cxd4 17. Bxg5 f6 18. Qh3+ Kg8 19. Qe6+ Kh7 20. Bf4 Nec6 21. Bxd6 Re8 22. Qh3+ Kg8 23. Bf4 Nb4 24. Na3 Nd3 25. Re2 Qc8 26. Rd1 Qxh3 27. Bxh3 Nxf4 28. gxf4 Rad8 29. Bg2 Nb3 30. Rc2 Bh6 31. Bf1 Nc5 32. Bc4+ Kh8 33. Bd5 d3 34. Rc4 Bxf4 35. Nb1 a5 36. b4 axb4 37. Rxb4 f5 38. f3 fxe4 39. fxe4 Be3+ 40. Kg2 Rf8 41. Rxb6 Nxe4 42. Re6 Rf2+ 43. Kh1 Rxd5 44. Rxe4 Bb6 45. Rg4 Rdf5 46. Nd2 Re2 47. Nc4 Bc5 48. Rg2 Rf4 49. Nd2 Bb4 50. Nf1 Re1 51. Rxe1 Bxe1 52. Kg1 Kg7 53. Ra2 Ba5 54. Kg2 Kf6 55. Nd2 Ke5 56. Nb3 Bc7 57. Nc5 0-1

[Event "SLO-chT 22th"]
[Site "Ljubljana"]
[Date "2012.12.02"]
[Round "6"]
[White "Navinsek, Thomaz"]
[Black "Cigan, Stefan"]
[Result "1/2-1/2"]
[WhiteElo "2278"]
[BlackElo "2374"]
[PlyCount "71"]
[EventDate "2012.11.23"]
[EventType "team-tourn"]
[EventRounds "9"]
[EventCountry "SLO"]
[SourceTitle "CBM 151 Extra"]
[Source "ChessBase"]
[SourceDate "2012.12.18"]
[SourceVersion "1"]
[SourceVersionDate "2012.12.18"]
[SourceQuality "1"]
[WhiteTeam "Maribor Branik"]
[BlackTeam "Radenska Pomgrad"]
[WhiteTeamCountry "SLO"]
[BlackTeamCountry "SLO"]

1. d4 Nf6 2. Nc3 d5 3. Bg5 Nbd7 4. e3 g6 5. f4 Bg7 6. Nf3 0-0 7. Bd3 c6 8. Qd2 Nb6 9. 0-0 Bf5 10. Bxf5 gxf5 11. Bxf6 Bxf6 12. Ne5 Nc8 13. Qe2 Nd6 14. Qh5 Kg7 15. Rf3 Rh8 16. Ne2 e6 17. g4 Kf8 18. gxf5 exf5 19. Ng3 Qc8 20. Qh6+ Ke7 21. Nh5 Qe6 22. Ng3 Rag8 23. Kh1 Rg7 24. Qh5 Rhg8 25. b3 Kd8 26. Rc1 Be7 27. Rg1 Ne4 28. Rg2 f6 29. Nd3 Nxg3+ 30. Rgxg3 Bf8 31. Qh3 Rxg3 32. hxg3 Rg6 33. Qf1 Qg8 34. Kg2 Rh6 35. Nf2 Rg6 36. Qh1 1/2-1/2

[Event "SLO-chT 22th"]
[Site "Ljubljana"]
[Date "2012.12.01"]
[Round "5"]
[White "Cigan, Stefan"]
[Black "Arcon, Denis"]
[Result "1-0"]
[WhiteElo "2374"]
[BlackElo "2101"]
[PlyCount "65"]
[EventDate "2012.11.23"]
[EventType "team-tourn"]
[EventRounds "9"]
[EventCountry "SLO"]
[SourceTitle "CBM 151 Extra"]
[Source "ChessBase"]
[SourceDate "2012.12.18"]
[SourceVersion "1"]
[SourceVersionDate "2012.12.18"]
[SourceQuality "1"]
[WhiteTeam "Radenska Pomgrad"]
[BlackTeam "Vrhnika"]
[WhiteTeamCountry "SLO"]
[BlackTeamCountry "SLO"]

1. e4 c5 2. Nf3 d6 3. d4 cxd4 4. Nxd4 Nf6 5. Nc3 a6 6. Be2 e5 7. Nb3 Be6 8. f4 Qc7 9. g4 h6 10. g5 hxg5 11. fxg5 Nfd7 12. Nd5 Bxd5 13. Qxd5 Nb6 14. Qd3 Nc6 15. Bd2 0-0-0 16. Bg4+ Kb8 17. 0-0-0 d5 18. exd5 Nxd5 19. Kb1 Nf4 20. Qe4 Be7 21. h4 f6 22. gxf6 Bxf6 23. h5 Rd6 24. Be3 Rhd8 25. Bf3 Ne6 26. Rxd6 Rxd6 27. Qg6 Nf4 28. Qh7 Nd4 29. Nxd4 Rxd4 30. Bxd4 exd4 31. Qf5 Ka7 32. Rf1 Be5 33. a3 1-0

[Event "SLO-chT 22th"]
[Site "Ljubljana"]
[Date "2012.11.30"]
[Round "4"]
[White "Ivanec, Dezider"]
[Black "Cigan, Stefan"]
[Result "0-1"]
[WhiteElo "2191"]
[BlackElo "2374"]
[PlyCount "78"]
[EventDate "2012.11.23"]
[EventType "team-tourn"]
[EventRounds "9"]
[EventCountry "SLO"]
[SourceTitle "CBM 151 Extra"]
[Source "ChessBase"]
[SourceDate "2012.12.18"]
[SourceVersion "1"]
[SourceVersionDate "2012.12.18"]
[SourceQuality "1"]
[WhiteTeam "Lendava Rokada"]
[BlackTeam "Radenska Pomgrad"]
[WhiteTeamCountry "SLO"]
[BlackTeamCountry "SLO"]

1. e4 c5 2. Nc3 Nc6 3. f4 e6 4. Nf3 d5 5. Bb5 Nf6 6. exd5 exd5 7. Ne5 Qc7 8. Qe2 Be7 9. 0-0 0-0 10. Bxc6 bxc6 11. d3 Re8 12. Bd2 Bd6 13. Rae1 Bf5 14. h3 c4 15. g4 Bg6 16. Qf2 cxd3 17. cxd3 Bxe5 18. fxe5 Nd7 19. Bf4 Qb7 20. Qd2 Nc5 21. d4 Nd3 22. Re2 Qb4 23. Be3 c5 24. Nxd5 Qc4 25. Nf4 cxd4 26. Nxg6 hxg6 27. b3 dxe3 28. Rxe3 Qc5 29. Qxd3 Rxe5 30. Rfe1 Rae8 31. Kf2 Qb6 32. Kf3 Qf6+ 33. Kg3 Rxe3+ 34. Rxe3 Rd8 35. Qe4 Qa1 36. a4 Qg1+ 37. Kf3 Rd2 38. Qe8+ Kh7 39. Qe5 Qg2+ 0-1

[Event "Steyr Landesliga 1112"]
[Site "Austria"]
[Date "2011.10.15"]
[Round "3.1"]
[White "Fahrner, Kurt"]
[Black "Cigan, Stefan"]
[Result "0-1"]
[WhiteElo "2319"]
[BlackElo "2343"]
[PlyCount "72"]
[EventDate "2011.09.24"]
[EventType "team-tourn"]
[EventRounds "11"]
[EventCountry "AUT"]
[SourceTitle "EXT 2013"]
[Source "ChessBase"]
[SourceDate "2012.11.22"]
[SourceVersion "1"]
[SourceVersionDate "2012.11.22"]
[SourceQuality "1"]
[WhiteTeam "Graz Austria"]
[BlackTeam "Frauental"]
[WhiteTeamCountry "AUT"]
[BlackTeamCountry "AUT"]

1. d4 Nf6 2. c4 g6 3. Nc3 d5 4. cxd5 Nxd5 5. e4 Nxc3 6. bxc3 Bg7 7. Be3 c5 8. Rc1 0-0 9. Qd2 Qa5 10. Nf3 Rd8 11. d5 e6 12. c4 Qxd2+ 13. Nxd2 Na6 14. Be2 b6 15. 0-0 Nb4 16. a3 Na2 17. Rc2 Nc3 18. Bd3 Ba6 19. Nb1 exd5 20. Nxc3 d4 21. Bg5 dxc3 22. Bxd8 Rxd8 23. Be2 Rd4 24. e5 Bxc4 25. f4 b5 26. Rf3 b4 27. Bxc4 Rxc4 28. Kf2 f6 29. e6 f5 30. Rd3 Bd4+ 31. Kf3 b3 32. Re2 Kf8 33. e7+ Ke8 34. Re1 b2 35. g4 c2 36. Rb3 Rc3+ 0-1

[Event "SLO-chT"]
[Site "Slovenia"]
[Date "2011.06.12"]
[Round "9"]
[White "Krivec, Jana"]
[Black "Cigan, Stefan"]
[Result "1/2-1/2"]
[WhiteElo "2296"]
[BlackElo "2338"]
[PlyCount "28"]
[EventDate "2011.05.27"]
[EventType "team-tourn"]
[EventRounds "9"]
[EventCountry "SLO"]
[SourceTitle "CBM 142 Extra"]
[Source "ChessBase"]
[SourceDate "2011.06.27"]
[SourceVersion "1"]
[SourceVersionDate "2011.06.27"]
[SourceQuality "1"]
[WhiteTeam "Nova Gorica"]
[BlackTeam "Pomgrad Radenska"]
[WhiteTeamCountry "SLO"]
[BlackTeamCountry "SLO"]

1. e4 e5 2. Nf3 Nf6 3. d4 Nxe4 4. Bd3 d5 5. Nxe5 Nd7 6. Nxd7 Bxd7 7. 0-0 Bd6 8. Re1 Bxh2+ 9. Kxh2 Qh4+ 10. Kg1 Qxf2+ 11. Kh2 Qg3+ 12. Kg1 Qf2+ 13. Kh2 Qh4+ 14. Kg1 Qf2+ 1/2-1/2